| 000 | 00818cam a2200157 4500500 | ||
|---|---|---|---|
| 005 | 20260329010722.0 | ||
| 041 | _afre | ||
| 042 | _adc | ||
| 100 | 1 | 0 |
_aGruson, Pascale _eauthor |
| 245 | 0 | 0 | _aFrédéric Joly - Robert Musil - Tout réinventer. Seuil, 2015, 576 pages, 26 €. |
| 260 | _c2016. | ||
| 500 | _a81 | ||
| 520 | _aAlors que les croisements entre fiction et non-fiction sont à la mode, les chroniques latino-américaines sont curieusement encore mal connues en France. Elles donnent pourtant lieu à une production très riche dans laquelle de grands auteurs s’impliquent. Il n’est pas trop tard pour en découvrir la richesse. | ||
| 786 | 0 | _nÉtudes | Février | 2 | 2016-01-26 | p. V-V | 0014-1941 | |
| 856 | 4 | 1 | _uhttps://shs.cairn.info/revue-etudes-2016-2-page-V?lang=fr&redirect-ssocas=7080 |
| 999 |
_c1855197 _d1855197 |
||